| 000 | 00604nam a2200217Ia 4500 | ||
|---|---|---|---|
| 003 | OSt | ||
| 005 | 20230408113818.0 | ||
| 008 | 210423s2012 xx 000 0 und d | ||
| 020 | _a81-219-4100-8 | ||
| 040 | _cAL | ||
| 041 | _aeng | ||
| 082 |
_a003 _223 _bGUPI |
||
| 100 |
_aGUPTA (Prem Kumar);HIRA (D S);KAMBOJ (Aarti) _984982 |
||
| 245 | _aIntroduction to operations research | ||
| 260 |
_aNew Delhi _bS Chand & Company Ltd _c2012 |
||
| 300 |
_axii,1195 _bPB |
||
| 365 |
_b495 _cINR |
||
| 650 |
_aOperations Research _984983 |
||
| 906 | _aIntroduction ; operations ; research | ||
| 942 |
_2ddc _cBK |
||
| 999 |
_c169443 _d169443 |
||